Inmigración en Chile por país - Estadísticas

Estadísticas generales
  • Esta prueba ha sido intentada 568 veces
  • La puntuación promedio es 17 de 19
Estadísticas de respuestas
Población País % Correcto
532.715 Venezuela
99%
79.335 Argentina
98%
189.524 Colombia
98%
250.908 Perú
98%
148.059 Bolivia
95%
20.235 Brasil
95%
44.565 Ecuador
94%
19.386 España
94%
14.814 Estados Unidos
94%
7.724 México
93%
6.244 Uruguay
90%
6.379 Paraguay
88%
6.913 Alemania
86%
184.721 Haití
86%
6.815 Francia
83%
14.058 China
82%
4.851 Italia
81%
19.068 Cuba
74%
19.632 República Dominicana
68%
No se encontraron pruebas coincidentes
Distribución de puntuación
Porcentaje de gente con cada puntuación
Porcentaje por número respondido
Historial de tus puntuaciones
No has intentado esta prueba.